States With 100 Counties - Sudden Death - Statistics

General Stats
  • This quiz has been taken 56 times
  • The average score is 3 of 7
Answers on the Grid
Answers color-coded by a green-red scale on the quiz's grid according to % correct below.
Alaska
Arkansas
California
Georgia
Illinois
Iowa
Kansas
Kentucky
Michigan
Mississippi
Missouri
Montana
Nebraska
Nevada
New York
North Carolina
Ohio
Oklahoma
Texas
West Virginia
 
Answer Stats
Answer % Correct
Texas
69%
Georgia
51%
Illinois
36%
North Carolina
33%
Missouri
31%
Kansas
28%
Kentucky
26%
No matching quizzes found
Score Distribution
Percent of People with Each Score
Percentile by Number Answered
Your Score History
You have not taken this quiz